000 01488nam0a2200349 4500
001 RU\NLR\bibl\1351343
005 20260405174455.0
010 _a978-5-903381-13-5
_95000
021 _aRU
_b2009-7226
_9414
035 _a(nilc)RSL-KNO-004244221
035 _a(NLR Aleph) 001336427
090 _a833095
_c833095
100 _a20090225d2009 |||y0rusy50 ca
101 0 _arus
102 _aRU
105 _aa |||||||||
200 1 _aЦарь-Камень-Шунгит
_eславянская оздоровительная гимнастика, или Философия здоровья
_fЛюбовь Друбецкая-Лада
210 _aМосква
_cРоса
_d2009
215 _a169, [1] с.
_cил.
_d21
320 _aБиблиогр.: с. 168-169 (21 назв.)
606 1 _aШунгит
_jПопулярные издания
_xЛечебное применение
_92154601
_3RU\NLR\auth\661297215
610 0 _aЗдравоохранение. Медицинские науки -- Естественная медицина -- Популярные издания
610 0 _aшунгит в терапии
686 _aР359.19я9
_2rubbk
686 _aР358.9я9
700 1 _4070
_8rus
_7ca
_aДрубецкая-Лада
_bЛ. А.
_gЛюбовь Александровна
_3RU\NLR\auth\7775712
_958640
801 0 _aRU
_bРКП
_c20090225
_grcr
801 1 _aRU
_bРГБ
_c20090225
801 2 _aRU
_bNLR
_c20090403
_grcr
942 _cBOOK
980 _aNB